Robert Rodriguez Filmography - Statistics

General Stats
  • This quiz has been taken 71 times
    8 since last reset
  • The average score is 111 of 188
Answer Stats
Type Year Name % Correct
Film Director 2001 SPY kids
100%
Film Production 2001 SPY kids
100%
Film Screenplay 2001 SPY kids
100%
Film Composer 2001 SPY kids
100%
Film Editor 2001 SPY kids
100%
Film Director 2002 Spy Kids 2: The Island of Lost Dreams
100%
Film Production 2002 Spy Kids 2: The Island of Lost Dreams
100%
Film Screenplay 2002 Spy Kids 2: The Island of Lost Dreams
100%
Film Composer 2002 Spy Kids 2: The Island of Lost Dreams
100%
Film Cinematography 2002 Spy Kids 2: The Island of Lost Dreams
100%
Film Editor 2002 Spy Kids 2: The Island of Lost Dreams
100%
Film Director 2003 Spy Kids 3-D: Game Over
100%
Film Production 2003 Spy Kids 3-D: Game Over
100%
Film Screenplay 2003 Spy Kids 3-D: Game Over
100%
Film Composer 2003 Spy Kids 3-D: Game Over
100%
Film Cinematography 2003 Spy Kids 3-D: Game Over
100%
Film Editor 2003 Spy Kids 3-D: Game Over
100%
Film Director 2011 Spy Kids: All the Time in the World
100%
Film Production 2011 Spy Kids: All the Time in the World
100%
Film Screenplay 2011 Spy Kids: All the Time in the World
100%
Film Cinematography 2011 Spy Kids: All the Time in the World
100%
Film Editor 2011 Spy Kids: All the Time in the World
100%
Film Director 1996 From Dusk till Dawn
88%
Film Production 1996 From Dusk till Dawn
88%
Film Editor 1996 From Dusk till Dawn
88%
Film Cameo 1996 From Dusk till Dawn
88%
TV Show Director 2014-2016 From Dusk till Dawn: The Series
88%
TV Show Production 2014-2016 From Dusk till Dawn: The Series
88%
TV Show Writer 2014-2016 From Dusk till Dawn: The Series
88%
Film Director 2003 Once Upon a Time in Mexico
88%
Film Production 2003 Once Upon a Time in Mexico
88%
Film Screenplay 2003 Once Upon a Time in Mexico
88%
Film Composer 2003 Once Upon a Time in Mexico
88%
Film Cinematography 2003 Once Upon a Time in Mexico
88%
Film Editor 2003 Once Upon a Time in Mexico
88%
Film Director 2007 Planet Terror
88%
Film Production 2007 Planet Terror
88%
Film Screenplay 2007 Planet Terror
88%
Film Composer 2007 Planet Terror
88%
Film Cinematography 2007 Planet Terror
88%
Film Editor 2007 Planet Terror
88%
Film Cameo 2007 Planet Terror
88%
Film Director 2005 The Adventures of Sharkboy and Lavagirl in 3-D
88%
Film Production 2005 The Adventures of Sharkboy and Lavagirl in 3-D
88%
Film Screenplay 2005 The Adventures of Sharkboy and Lavagirl in 3-D
88%
Film Composer 2005 The Adventures of Sharkboy and Lavagirl in 3-D
88%
Film Cinematography 2005 The Adventures of Sharkboy and Lavagirl in 3-D
88%
Film Editor 2005 The Adventures of Sharkboy and Lavagirl in 3-D
88%
Film Cameo 2005 The Adventures of Sharkboy and Lavagirl in 3-D
88%
Film Director 1995 Desperado
75%
Film Screenplay 1995 Desperado
75%
Film Production 1995 Desperado
75%
Film Editor 1995 Desperado
75%
Film Director 1992 El Mariachi
75%
Film Production 1992 El Mariachi
75%
Film Screenplay 1992 El Mariachi
75%
Film Cinematography 1992 El Mariachi
75%
Film Editor 1992 El Mariachi
75%
Film Director 1995 Four Rooms
75%
Film Screenplay 1995 Four Rooms
75%
Film Editor 1995 Four Rooms
75%
Film Director 2010 Machete
75%
Film Production 2010 Machete
75%
Film Screenplay 2010 Machete
75%
Film Director 2013 Machete Kills
75%
Film Production 2013 Machete Kills
75%
Film Story 2013 Machete Kills
75%
Film Composer 2013 Machete Kills
75%
Film Cinematography 2013 Machete Kills
75%
Film Editor 2013 Machete Kills
75%
Film Director 2019 Alita: Battle Angel
63%
Film Production 2007 Death Proof
63%
Documentary Appearance 1997 Full Tilt Boogie
63%
Film Director 2005 Sin City
63%
Film Production 2005 Sin City
63%
Film Screenplay 2005 Sin City
63%
Film Composer 2005 Sin City
63%
Film Cinematography 2005 Sin City
63%
Film Editor 2005 Sin City
63%
Film Cameo 2005 Sin City
63%
Film Director 2014 Sin City: A Dame to Kill For
63%
Film Production 2014 Sin City: A Dame to Kill For
63%
Film Composer 2014 Sin City: A Dame to Kill For
63%
Film Cinematography 2014 Sin City: A Dame to Kill For
63%
Film Editor 2014 Sin City: A Dame to Kill For
63%
Film Cameo 2014 Sin City: A Dame to Kill For
63%
Film Production 1999 From Dusk Till Dawn 2: Texas Blood Money
50%
Film Production 1999 From Dusk Till Dawn 3: The Hangman's Daughter
50%
Film Story 1999 From Dusk Till Dawn 3: The Hangman's Daughter
50%
Film Production 2010 Predators
50%
Film Director 2009 Shorts
50%
Film Production 2009 Shorts
50%
Film Screenplay 2009 Shorts
50%
Film Composer 2009 Shorts
50%
Film Cinematography 2009 Shorts
50%
Film Editor 2009 Shorts
50%
Film Director 2023 Spy Kids: Armageddon
50%
Film Cameo 2023 Spy Kids: Armageddon
50%
Film Editor 2023 Spy Kids: Armageddon
50%
Film Screenplay 2023 Spy Kids: Armageddon
50%
Film Production 2023 Spy Kids: Armageddon
50%
Film Cinematography 2023 Spy Kids: Armageddon
50%
Film Director 1998 The Faculty
50%
Film Production 1998 The Faculty
50%
Film Editor 1998 The Faculty
50%
Film Production TBA The Faculty
50%
Film Director 2020 We Can Be Heroes
50%
Film Screenplay 2020 We Can Be Heroes
50%
Film Production 2020 We Can Be Heroes
50%
Film Cinematography 2020 We Can Be Heroes
50%
Film Editor 2020 We Can Be Heroes
50%
Short Film Director 2115 100 Years
38%
Short Film Editor 2115 100 Years
38%
Music Video Director 2010 40 Dogs (Like Romeo and Juliet)
38%
Film Cameo 2013 Amelia's 25th
38%
Short Film Director 1991 Bedhead
38%
Short Film Production 1991 Bedhead
38%
Short Film Screenplay 1991 Bedhead
38%
Short Film Composer 1991 Bedhead
38%
Short Film Cinematography 1991 Bedhead
38%
Short Film Editor 1991 Bedhead
38%
Film Cameo 2000 Bullfighter
38%
Music Video Director 2015 Confident
38%
TV Show Acting Role 2000 Deadline
38%
Documentary Appearance 2008 Dead On: The Life and Cinema of George A. Romero
38%
TV Show Production 2019-2020 El Rey Nation
38%
Film Director 2021 Happier Than Ever: A Love Letter to Los Angeles
38%
Film Cameo 2006 High Hopes
38%
Documentary Production 2021 Hood River
38%
Film Director 2023 Hypnotic
38%
Film Screenplay 2023 Hypnotic
38%
Film Production 2023 Hypnotic
38%
Film Editor 2023 Hypnotic
38%
Film Story 2023 Hypnotic
38%
Film Cameo 2000 Lisa Picard Is Famous
38%
TV Show Production 2014-2015 Lucha Underground
38%
Film Director TBA Machete Kills in Space
38%
Film Screenplay TBA Machete Kills in Space
38%
Film Production TBA Machete Kills in Space
38%
TV Show Director 2014 Matador
38%
TV Show Production 2014 Matador
38%
TV Show Writer 2014 Matador
38%
TV Show Acting Role 1997 Nash Bridges
38%
Short Film Acting Role 2014 New World Man
38%
Film Scene Directed 1994 Pulp Fiction
38%
Music Video Director 2020 Rain on Me
38%
Documentary Series Appearance 2021 Rebel Without a Crew: The Robert Rodriguez Film School
38%
Film Director 2019 Red 11
38%
Film Screenplay 2019 Red 11
38%
Film Production 2019 Red 11
38%
Film Cinematography 2019 Red 11
38%
Film Editor 2019 Red 11
38%
TV Film Director 1994 Roadracers
38%
TV Film Screenplay 1994 Roadracers
38%
TV Film Editor 1994 Roadracers
38%
Film Scene Directed 1997 Scream 2
38%
Short Film Director 2015 Sock 'em Dead
38%
Short Film Production 2015 Sock 'em Dead
38%
Short Film Screenplay 2015 Sock 'em Dead
38%
Short Film Editor 2015 Sock 'em Dead
38%
TV Show Production 2018-2019 Spy Kids: Mission Critical
38%
TV Show Writer 2018-2019 Spy Kids: Mission Critical
38%
TV Documentary Appearance 2008 Starz Inside: Fantastic Flesh
38%
Web Series Director 2021, 2022 The Book of Boba Fett
38%
Web Series Acting Role 2021-2022 The Book of Boba Fett
38%
Web Series Production 2021-2022 The Book of Boba Fett
38%
TV Show Production 2019-2020 The Chuey Martinez Show
38%
TV Show Acting Role 2011 The Cleveland Show
38%
TV Show Director 2014-2016 The Director's Chair
38%
TV Show Production 2014-2016 The Director's Chair
38%
Short Film Director 2018 The Limit
38%
Short Film Production 2018 The Limit
38%
Short Film Screenplay 2018 The Limit
38%
Web Series Director 2020 The Mandalorian
38%
Short Film Acting Role 2010 The United Monster Talent Agency
38%
Film Production 2019 UglyDolls
38%
Film Screenplay 2019 UglyDolls
38%
TV Show Acting Role 2017 Uncle Grandpa
38%
TV Show Director TBA Zorro
38%
TV Show Writer TBA Zorro
38%
TV Show Production TBA Zorro
38%
TV Show Director TBA Cobra
25%
Film Production 2005 Cuandero
25%
Film Screenplay 2005 Cuandero
25%
Music Video Director 2025 The End
25%
Web Series Director 2025 El Gato
13%
Film Screenplay TBA Jonny Quest
13%
Documentary Series Appearance 2023 Leguizamo Does America
0%
No matching quizzes found
Score Distribution
Percent of People with Each Score
Percentile by Number Answered
Your Score History
You have not taken this quiz since the last reset